书目信息 |
| 题名: |
高等学校图书馆工作参考资料
|
|
| 作者: | ;全国高等学校图书馆工作委员会 编 | |
| 分册: | ||
| 出版信息: | 1982 |
|
| 页数: | 206页 | |
| 开本: | 26cm | |
| 丛书名: | ||
| 单 册: | ||
| 中图分类: | G258.6 | |
| 科图分类: | ||
| 主题词: | 图书馆事业 , 图书馆学 | |
| 电子资源: | ||
| ISBN: | ||
| 000 | 00656nam0 2200181 450 | |
| 001 | 0656311593 | |
| 005 | 20060804111932.09 | |
| 100 | @a20060719d1982 km y0chiy0120 ea | |
| 101 | 0 | @achi |
| 200 | 1 | @a高等学校图书馆工作参考资料@Agao deng xue xiao tu shu guan gong zuo can kao zi liao@f全国高等学校图书馆工作委员会编@Fquan guo gao deng xue xiao tu shu guan gong zuo wei yuan hui bian |
| 210 | @d1982 | |
| 215 | @a206页@d26cm | |
| 606 | 0 | @a图书馆事业 |
| 606 | 0 | @a图书馆学 |
| 690 | @aG258.6@v3 | |
| 711 | 0 | @a全国高等学校图书馆工作委员会@Aquan guo gao deng xue xiao tu shu guan gong zuo wei yuan hui@4编 |
| 801 | 0 | @aCN@bPFT@c20060804 |
| 905 | @a10447@dG258.6@e18 | |
| 高等学校图书馆工作参考资料/全国高等学校图书馆工作委员会编.-1982 |
| 206页;26cm |
| ISBN : |
| ● |
| 相关链接 |
|
|
|
|
正题名:高等学校图书馆工作参考资料
索取号:G258.6/18
 
预约/预借
| 序号 | 登录号 | 条形码 | 馆藏地/架位号 | 状态 | 备注 |
| 1 | 0424495 | 204244950 | 密集书库/ [索取号:G258.6/18] | 在馆 | |
| 2 | 0439734 | 204397349 | 密集书库/ [索取号:G258.6/18] | 在馆 |